000 00420nam a22001697a 4500
005 20251108170645.0
008 250721s1944 xx 000 0 eng d
082 1 4 _a963.5/NAD
100 1 _aNadel, S . F
245 1 0 _aRaces and tribes of Eritrea /
264 1 _aAsmara :
_bBritish Military Administration,
_c1944.
300 _a133p
650 1 7 _aEritrea
650 1 7 _aHistory
942 _2ddc
_cBK
999 _c45884
_d45884